000 01167cab a2200253 4500
001 ABS59410
008 090401t1998 xxu||||| |||| 00| 0 eng d
035 _a(Sirsi) u88924
041 _aeng
245 _aBernhard`s Rugby Landscapes Ltd v Stockley Park Consortium Ltd
260 _c1998
350 _a0
490 _aConstruction Law Journal
_v[1998] 14 CLJ 329-365(37)
520 _aQBD 22 April 1998. B contracted by S to carry out earthworks for construction of a golf course, using contract loosely based on the ICE 5th edition. When delays occurred B claimed extension of time and associated costs. S contended that this action was brought in breach of the contractual procedures agreed in the amended ICE conditions that had been used. S raised numerous issues which were to be heard as preliminary issues.
650 _aBERNHARDS RUGBY LANDSCAPES LTD V STOCKLEY PARK CONSORTIUM LTD
650 _aBREACH OF CONTRACT
650 _aDISPUTE RESOLUTION
_96236
650 _aEXTENSION OF TIME
650 _aICE CONDITIONS OF CONTRACT
650 _aJURISDICTION
690 _aBUILDING AND CONSTRUCTION-CASE LAW
942 _n0
948 _c12/10/1998
999 _c56235
_d56235